| 000 | 00000nam##2200000za#4500 |
| 001 | 9.647848 |
| 003 | CaOODSP |
| 005 | 20210615112816 |
| 007 | ta |
| 008 | 150407|2000||||xxc||||| f|0| 0 eng|d |
| 020 | |a0-662-29280-4 |
| 040 | |aCaOODSP|beng |
| 043 | |an-cn--- |
| 086 | 1 |aM37-48/2000E |
| 110 | 1 |aCanada.|bNatural Resources Canada. |bMinerals and Metals Sector. |
| 245 | 10|aCanadian suppliers of mining goods and services : |blinks between Canadian mining companies and selected sectors of the Canadian economy |
| 260 | |aOttawa - Ontario : |bNatural Resources Canada. |c2000. |
| 300 | |axv, 58p. : |bgraphs, references, tables ; |c28 cm. |
| 500 | |a"This ground-breaking study provides considerable insight into the interdependencies of these two key resource-related components of Canada's economy. It also shows how their mutual growth represents benefits to Canadians in urban and remote communities."--Foreword. |
| 520 | 3 |aThis ground-breaking study provides considerable insight into the interdependencies of these two key resource-related components of Canada's economy. It also shows how their mutual growth represents benefits to Canadians in urban and remote communities.--Foreword |
| 563 | |aSoftcover |
| 590 | |a00-42|b2000-10-20 |
| 690 | 07|aMining industry|2gcpds |
| 690 | 07|aMining technology|2gcpds |
| 690 | 07|aSupply|2gcpds |
| 690 | 07|aDemand|2gcpds |
| 775 | 08|tFournisseurs canadiens de biens et services miniers : |w(CaOODSP)9.681227 |
| 776 | 0#|t[Canadian suppliers of mining goods and services] : |w(CaOODSP)9.695444 |